01635 2200433 4500001002100000005001500021035002000036007000300056008004100059020002200100082001500122084001700137100003700154245026200191250003400453300005100487650002300538700003100561700002900592700004000621700003900661700003200700700003100732700003500763700003000798700002800828700004000856700002900896264002900925336002100954337003000975338002301005040002201028090002201050850001201072999002201084500007301106990002201179INLIS00000000087979520230706013024 a0010-0723000166ta230703s2021 yoia g ind d a978-623-316-923-304223a378.19 a378.19 LUK s0 aLuky Kurniawand1988-ePengarang10aSang adhikari Klatak /cLuky Kurniawan, Diana Nurropiah, Arny Virangga, Yolanda Wisye Okriany P., Maria Fina br Saragi T., Ardy Aji Wijaya, Evriani Kristin, Jeki Rizki Fernando, Clarisa Kristi, Nita Rahayu, Muhammad Wahyu Suhantoro; penyunting, Agus Setyoko aCetakan Pertama: Agustus 2021 avi, 71 halaman :bfoto, gambar, tabel ;c20 cm 4aKuliah kerja nyata0 aDiana NurropiahePengarang0 aArny ViranggaePengarang0 aYolanda Wisye Okriany P.ePengarang0 aMaria Fina br Saragi T.ePengarang0 aTArdy Aji WijayaePengarang3 aEvriani KristinePengarang0 aJeki Rizki FernandoePengarang0 aClarisa KristiePengarang0 aNita Rahayu,ePengarang0 aMuhammad Wahyu SuhantoroePengarang0 aAgus SetyokoePenyunting31aBantul :bK-Media,c2021 2rdacontentateks 2rdamediaatanpa perantara 2rdacarrieravolume aYOPDYOGbinderda aCB-D.11 2021-4098 aYOPDYOG aCB-D.11/2021-4098 aditerbitkan atas kerjasama dengan Universitas Mercu Buana Yogyakarta aCB-D.11/2021-4098